书目信息 |
| 题名: |
园林工程监理
|
|
| 作者: | 纪书琴 主编 | |
| 分册: | ||
| 出版信息: | 南京 江苏人民出版社 2012.08 |
|
| 页数: | 169页 | |
| 开本: | 24cm | |
| 丛书名: | 园林工程小书库丛书 | |
| 单 册: | ||
| 中图分类: | TU986.3 | |
| 科图分类: | ||
| 主题词: | 园林--yuan lin--工程施工--施工监理 , 园林--yuan lin , 工程施工--gong cheng shi gong , 施工监理--shi gong jian li | |
| 电子资源: | ||
| ISBN: | 978-7-214-08412-5 | |
| 000 | 01250nam 2200313 450 | |
| 001 | 0106081830 | |
| 005 | 20201106082045.0 | |
| 010 | @a978-7-214-08412-5@dCNY25.00 | |
| 100 | @a20121212e20202012em y0chiy50 ea | |
| 101 | 0 | @achi |
| 102 | @aCN@b320000 | |
| 105 | @aa z 000yy | |
| 106 | @ar | |
| 200 | 1 | @a园林工程监理@Ayuan lin gong cheng jian li@f纪书琴主编 |
| 210 | @a南京@c江苏人民出版社@d2012.08@h2020.07 | |
| 215 | @a169页@c图@d24cm | |
| 225 | 2 | @a园林工程小书库丛书@Ayuan lin gong cheng xiao shu ku cong shu |
| 304 | @a封面题名:园林工程监理:园林建筑工程设计施工之常备参考资料 | |
| 330 | @a本书共有7章,主要介绍了园林地面工程监理,园林土方工程监理,园林水景工程施工监理,假山叠石、塑石塑山工程监理,园林给排水工程与喷灌工程监理,园路、园林广场铺装与园桥施工监理以及园林绿化工程监理等内容。 | |
| 461 | 0 | @12001 @a园林工程小书库丛书 |
| 512 | 1 | @a园林工程监理@Ayuan lin gong cheng jian li@e园林建筑工程设计施工之常备参考资料 |
| 606 | 0 | @a园林@Ayuan lin@x工程施工@x施工监理 |
| 606 | 0 | @a园林@Ayuan lin |
| 606 | 0 | @a工程施工@Agong cheng shi gong |
| 606 | 0 | @a施工监理@Ashi gong jian li |
| 690 | @aTU986.3@v5 | |
| 701 | 0 | @a纪书琴@Aji shu qin@4主编 |
| 801 | 0 | @aCN@bBJSZM@c20201106 |
| 905 | @b1192556-9@dTU986.3@e1662@f4 | |
| 园林工程监理/纪书琴主编.-南京:江苏人民出版社,2012.08(2020.07) |
| 169页:图;24cm.-(园林工程小书库丛书) |
| ISBN 978-7-214-08412-5:CNY25.00 |
| 本书共有7章,主要介绍了园林地面工程监理,园林土方工程监理,园林水景工程施工监理,假山叠石、塑石塑山工程监理,园林给排水工程与喷灌工程监理,园路、园林广场铺装与园桥施工监理以及园林绿化工程监理等内容。 |
| ● |
| 相关链接 |
|
|
|
|
正题名:园林工程监理
索取号:TU986.3/1662
 
预约/预借
| 序号 | 登录号 | 条形码 | 馆藏地/架位号 | 状态 | 备注 |
| 1 | 1192556 | 211925568 | 第二样本阅览室/ [索取号:TU986.3/1662] | 在馆 | |
| 2 | 1192557 | 211925577 | 第三借阅区/ [索取号:TU986.3/1662] | 在馆 | |
| 3 | 1192558 | 211925586 | 第三借阅区/ [索取号:TU986.3/1662] | 在馆 | |
| 4 | 1192559 | 211925595 | 第三借阅区/ [索取号:TU986.3/1662] | 在馆 |